[Event "4NCL/Div4b/HAL vs. BCA"]
[Site "Telford ENG"]
[Date "2005.05.28"]
[Round "9.4"]
[White "Cohn, Hans"]
[Black "Evans, Joyce"]
[Result "1-0"]
[WhiteElo "1835"]
[BlackElo "1435"]
[PlyCount "117"]
[EventDate "2005.05.28"]
[SourceDate "2004.09.21"]

1. c4 e5 2. Nc3 Nf6 3. Nf3 Bc5 4. Nxe5 O-O 5. d4 Bb6 6. e3 d6 7. Nf3 Bf5 8. Bd3
Qd7 9. O-O Nc6 10. Bxf5 Qxf5 11. a3 a5 12. b3 Rfe8 13. Bb2 Rac8 14. Qd2 Ba7 15.
Rad1 Ne7 16. Qd3 Qd7 17. e4 Ng6 18. Bc1 b6 19. Rfe1 Bb8 20. e5 Nh5 21. Nd5 Ba7
22. exd6 c6 23. Ne7+ Nxe7 24. dxe7 Rxe7 25. Rxe7 Qxe7 26. Re1 Qd7 27. Qe4 Nf6
28. Qe7 Qxe7 29. Rxe7 Bb8 30. Re2 h6 31. Kf1 g5 32. h3 Kh7 33. Ke1 Kg7 34. Ne5
Nh5 35. Kd1 Nf4 36. Bxf4 gxf4 37. Kd2 Bd6 38. a4 Bb4+ 39. Kd3 Be7 40. Nxc6 Rxc6
41. Rxe7 Rg6 42. Re4 Rf6 43. f3 h5 44. d5 Kg6 45. Rd4 Kg5 46. d6 Re6 47. d7
Re3+ 48. Kd2 Kh4 49. d8=Q+ Kg3 50. Qg8+ Kf2 51. Re4 Rxe4 52. fxe4 f6 53. Qg6 h4
54. Qg4 Kf1 55. Qf3+ Kg1 56. Ke2 Kh2 57. Kf2 f5 58. Qd1 fxe4 59. Qg1# 1-0

[Event "4NCL/Div4b/HKF2 vs. SLOS3"]
[Site "Telford ENG"]
[Date "2005.05.28"]
[Round "9.1"]
[White "Britton, Richard L"]
[Black "Williams, Samuel G"]
[Result "1-0"]
[WhiteElo "2323"]
[BlackElo "2207"]
[PlyCount "77"]
[EventDate "2005.05.28"]
[SourceDate "2004.09.21"]

1. e4 c5 2. Nf3 Nc6 3. d4 cxd4 4. Nxd4 Nf6 5. Nc3 e5 6. Ndb5 d6 7. Bg5 a6 8.
Na3 b5 9. Bxf6 gxf6 10. Nd5 f5 11. Bd3 Be6 12. O-O Bxd5 13. exd5 Ne7 14. c4 Bg7
15. Rb1 e4 16. Be2 b4 17. Qa4+ Kf8 18. Qxb4 Rg8 19. Qd2 Ng6 20. f4 exf3 21.
Rxf3 f4 22. Kh1 Be5 23. Rh3 Nh4 24. Bf3 Qf6 25. Nc2 Rc8 26. b3 Rg6 27. Ne1 Bc3
28. Qf2 Nf5 29. Be4 Be5 30. Nd3 Re8 31. Bxf5 Qxf5 32. Rf1 Rg4 33. Rf3 Qf6 34.
h3 Rh4 35. Qb6 Bd4 36. Qxa6 Be3 37. c5 Rd8 38. c6 Qd4 39. c7 1-0

[Event "4NCL/Div4b/HKF2 vs. SLOS3"]
[Site "Telford ENG"]
[Date "2005.05.28"]
[Round "9.2"]
[White "Ignacz, Maria"]
[Black "Cooper, Lawrence"]
[Result "1/2-1/2"]
[WhiteElo "2195"]
[BlackElo "2308"]
[PlyCount "63"]
[EventDate "2005.05.28"]
[SourceDate "2004.09.21"]

1. d4 Nf6 2. c4 e6 3. g3 c5 4. Nf3 cxd4 5. Nxd4 a6 6. Bg2 Qc7 7. b3 Nc6 8. Nf3
d5 9. cxd5 Nxd5 10. O-O Be7 11. Bb2 O-O 12. Nbd2 Bf6 13. Qc1 Rd8 14. Ne4 Bxb2
15. Qxb2 e5 16. Rac1 Bg4 17. Rfd1 Qe7 18. h3 Bxf3 19. Bxf3 f5 20. Nc5 e4 21.
Bg2 Rac8 22. a3 Nf6 23. b4 a5 24. Rxd8+ Nxd8 25. Rd1 axb4 26. axb4 Nc6 27. Qb3+
Kh8 28. Rc1 Ne5 29. Ra1 Nc6 30. Rc1 Ne5 31. Ra1 Nc6 32. Rc1 1/2-1/2

[Event "4NCL/Div4b/HKF2 vs. SLOS3"]
[Site "Telford ENG"]
[Date "2005.05.28"]
[Round "9.3"]
[White "Broomfield, Matthew"]
[Black "Kahar, Krunal"]
[Result "1-0"]
[WhiteElo "2288"]
[BlackElo "2209"]
[PlyCount "81"]
[EventDate "2005.05.28"]
[SourceDate "2004.09.21"]

1. d4 Nf6 2. c4 e6 3. g3 d5 4. Bg2 c6 5. Nf3 Bb4+ 6. Bd2 Bxd2+ 7. Nbxd2 O-O 8.
O-O Nbd7 9. Qc2 b6 10. e4 Nxe4 11. Nxe4 dxe4 12. Qxe4 Bb7 13. Rac1 Nf6 14. Qe3
Qc7 15. c5 b5 16. Rfe1 a5 17. Ne5 Nd5 18. Qe4 Rad8 19. Rcd1 Bc8 20. Bf1 f5 21.
Qc2 g5 22. a4 b4 23. Nc4 Rf6 24. Bg2 Rdf8 25. Re5 Kh8 26. Bxd5 exd5 27. Nd6 f4
28. Rxg5 Bh3 29. Re1 Qd7 30. Rh5 Bg4 31. Rh4 fxg3 32. hxg3 h5 33. Re5 Qh7 34.
Qxh7+ Kxh7 35. f4 Rg6 36. Kf2 Bd1 37. Re1 Bg4 38. Re7+ Rg7 39. Re3 Kg6 40. Rh1
Rh8 41. Re5 1-0

[Event "4NCL/Div4b/HKF2 vs. SLOS3"]
[Site "Telford ENG"]
[Date "2005.05.28"]
[Round "9.4"]
[White "Linford, Charles (res)"]
[Black "Lindner, Daniel"]
[Result "0-1"]
[WhiteElo "2142"]
[BlackElo "2247"]
[PlyCount "98"]
[EventDate "2005.05.28"]
[SourceDate "2004.09.21"]

1. e4 e5 2. Nf3 Nc6 3. d4 exd4 4. Nxd4 Bc5 5. Nxc6 Qf6 6. Qd2 dxc6 7. Nc3 Be6
8. Na4 Rd8 9. Bd3 Bd4 10. O-O a6 11. Qa5 Qe5 12. Qxe5 Bxe5 13. Nc5 Bc8 14. Be3
Nf6 15. h3 O-O 16. f4 Bd4 17. Bxd4 Rxd4 18. c3 Rdd8 19. Rf3 b6 20. e5 Nd5 21.
Ne4 Nxf4 22. Bc2 Ng6 23. Raf1 Nxe5 24. Rg3 Kh8 25. Rg5 f6 26. Rh5 g6 27. Rh4
Kg7 28. Rhf4 f5 29. Ng3 Nd3 30. Rc4 Ne5 31. Rcf4 c5 32. R4f2 Nd3 33. Re2 Nxb2
34. Rb1 Nd3 35. Bb3 Rfe8 36. Rd1 Rxe2 37. Nxe2 Rd6 38. h4 Bb7 39. Kh2 Ne5 40.
Re1 c4 41. Ba4 b5 42. Bd1 Nd3 43. Rf1 Nb2 44. Nd4 c5 45. Bf3 cxd4 46. Bxb7 d3
47. Bf3 d2 48. Bd1 Nxd1 49. Rxd1 b4 0-1

[Event "4NCL/Div4b/HKF2 vs. SLOS3"]
[Site "Telford ENG"]
[Date "2005.05.28"]
[Round "9.5"]
[White "Burrows, Martin P"]
[Black "Nelson, Omowale"]
[Result "1/2-1/2"]
[WhiteElo "2208"]
[BlackElo "2086"]
[PlyCount "72"]
[EventDate "2005.05.28"]
[SourceDate "2004.09.21"]

1. e4 c6 2. d4 d5 3. e5 Bf5 4. Nf3 Qb6 5. Be2 e6 6. O-O c5 7. c4 dxc4 8. Bxc4
Nc6 9. dxc5 Bxc5 10. Nc3 a6 11. h3 Qc7 12. Qe2 Nge7 13. Ne4 Nxe5 14. Nxc5 Nxf3+
15. Qxf3 Qxc5 16. Qxb7 O-O 17. Be2 Rfb8 18. Qf3 Nd5 19. Bd3 Bxd3 20. Qxd3 h6
21. b3 Nb4 22. Qg3 Kh7 23. Bb2 Qg5 24. Qf3 Qe7 25. Rfd1 Rd8 26. Qg4 f5 27. Qg3
Nd5 28. Rac1 Rac8 29. Re1 Nf6 30. Rxc8 Rxc8 31. Qd3 Ne4 32. f3 Qc5+ 33. Bd4 Qb4
34. Rd1 Nc3 35. Bxc3 Rxc3 36. Qd4 a5 1/2-1/2

[Event "4NCL/Div4b/HKF2 vs. SLOS3"]
[Site "Telford ENG"]
[Date "2005.05.28"]
[Round "9.6"]
[White "Purton, Ben J"]
[Black "Crombleholme, Alan K"]
[Result "1/2-1/2"]
[WhiteElo "2085"]
[BlackElo "2127"]
[PlyCount "27"]
[EventDate "2005.05.28"]
[SourceDate "2004.09.21"]

1. e4 e6 2. d4 d5 3. Nd2 a6 4. c3 c5 5. dxc5 Bxc5 6. Nb3 Ba7 7. Nf3 Nf6 8. exd5
Qxd5 9. Qxd5 Nxd5 10. Bc4 Nf6 11. O-O O-O 12. Bg5 Nbd7 13. a4 Ne4 14. Bf4
1/2-1/2

[Event "4NCL/Div4b/FCA2 vs. PONTY"]
[Site "Telford ENG"]
[Date "2005.05.28"]
[Round "9.1"]
[White "Kendall, Paul S N"]
[Black "Robinson, David"]
[Result "1/2-1/2"]
[WhiteElo "2064"]
[BlackElo "2036"]
[PlyCount "32"]
[EventDate "2005.05.28"]
[SourceDate "2004.09.21"]

1. e4 d5 2. exd5 Qxd5 3. Nc3 Qa5 4. Bc4 Nf6 5. d4 c6 6. Nge2 Bf5 7. O-O e6 8.
Bf4 Nbd7 9. Re1 Bb4 10. a3 Bxc3 11. Nxc3 O-O 12. Bd3 Bxd3 13. Qxd3 Rfe8 14. b4
Qh5 15. Ne2 Nd5 16. Bg3 e5 1/2-1/2

[Event "4NCL/Div4b/FCA2 vs. PONTY"]
[Site "Telford ENG"]
[Date "2005.05.28"]
[Round "9.2"]
[White "Taylor, Robert G"]
[Black "Elwin, Adrian G"]
[Result "1-0"]
[WhiteElo "2047"]
[BlackElo "2077"]
[PlyCount "97"]
[EventDate "2005.05.28"]
[SourceDate "2004.09.21"]

1. d4 Nf6 2. Nf3 g6 3. c4 Bg7 4. Nc3 O-O 5. e4 d6 6. Be2 e5 7. O-O Nc6 8. d5
Ne7 9. Ne1 Ne8 10. Nd3 f5 11. Bd2 Nf6 12. f3 f4 13. b4 g5 14. Rc1 h5 15. h3 Bd7
16. c5 Ng6 17. Nf2 a6 18. Na4 Qe8 19. Nb2 Nh4 20. cxd6 cxd6 21. Nc4 Qg6 22. Be1
g4 23. hxg4 hxg4 24. Nxg4 Nxg4 25. fxg4 Qh6 26. Bxh4 Qxh4 27. Nxd6 Rf6 28. Nf5
Bxf5 29. gxf5 Rh6 30. Bf3 Kh7 31. Qe1 Qd8 32. Qc3 Qg5 33. Kf2 Rg8 34. Rh1 Qg3+
35. Ke2 Bf6 36. Rxh6+ Kxh6 37. Qe1 Be7 38. Qxg3 fxg3 39. a3 a5 40. Rc7 Bd8 41.
Rxb7 axb4 42. Rxb4 Be7 43. Rb6+ Kg5 44. a4 Bc5 45. Rc6 Bd4 46. a5 Kh4 47. Rg6
Rb8 48. Rg4+ Kh5 49. Rg8+ 1-0

[Event "4NCL/Div4b/FCA2 vs. PONTY"]
[Site "Telford ENG"]
[Date "2005.05.28"]
[Round "9.3"]
[White "Adebajo, Femi"]
[Black "Davies, Peter L"]
[Result "1-0"]
[WhiteElo "2045"]
[BlackElo "2003"]
[PlyCount "83"]
[EventDate "2005.05.28"]
[SourceDate "2004.09.21"]

1. e4 c5 2. Nf3 Nc6 3. d4 cxd4 4. Nxd4 g6 5. Nc3 Bg7 6. Be3 Nf6 7. Be2 O-O 8.
Qd2 d5 9. Nxc6 bxc6 10. e5 Ng4 11. Bxg4 Bxg4 12. O-O Bxe5 13. Bh6 d4 14. Ne4
Qd5 15. f3 Bg7 16. Bxg7 Kxg7 17. Rfe1 Bd7 18. Rad1 e5 19. b3 c5 20. c4 Qc6 21.
h4 a5 22. h5 a4 23. Qg5 f6 24. Qh4 axb3 25. axb3 Ra2 26. Ra1 Rfa8 27. Rxa2 Rxa2
28. h6+ Kf7 29. Qg3 Bf5 30. Ng5+ fxg5 31. Qxe5 Be6 32. Qg7+ Ke8 33. Qg8+ Kd7
34. Qxh7+ Kd8 35. Qh8+ Kd7 36. Qg7+ Kd6 37. h7 Ra8 38. h8=Q Rxh8 39. Qxh8 Qa6
40. Qe5+ Kd7 41. Qg7+ Kd6 42. Rxe6+ 1-0

[Event "4NCL/Div4b/FCA2 vs. PONTY"]
[Site "Telford ENG"]
[Date "2005.05.28"]
[Round "9.5"]
[White "Woods, Timothy J"]
[Black "Jones, Michael G"]
[Result "0-1"]
[WhiteElo "1895"]
[BlackElo "1677"]
[PlyCount "81"]
[EventDate "2005.05.28"]
[SourceDate "2004.09.21"]

1. e4 e5 2. Bc4 Nf6 3. d3 c6 4. Nf3 d5 5. Bb3 Bd6 6. Nc3 d4 7. Ne2 Nbd7 8. a4
Nc5 9. Bc4 Ne6 10. O-O Bd7 11. c3 c5 12. cxd4 cxd4 13. Re1 O-O 14. Bd2 Kh8 15.
Bg5 Be8 16. Ng3 Nxg5 17. Nxg5 h6 18. Nf3 Bc7 19. Nf5 a6 20. N3h4 b5 21. axb5
Bxb5 22. Bb3 Rb8 23. Qf3 Qe8 24. Nxh6 Rb6 25. N6f5 Bd7 26. Qh3 Nh7 27. Bc4 g6
28. Rxa6 gxf5 29. Nxf5 Rxa6 30. Bxa6 Rg8 31. Bc4 Rg6 32. b4 Rg5 33. Ra1 Bxf5
34. exf5 Kg7 35. f6+ Nxf6 36. Qf3 e4 37. dxe4 Qe5 38. g3 Rg4 39. Re1 Bd6 40. b5
Rxe4 41. Qb3 0-1

[Event "4NCL/Div4b/MET vs. HAL"]
[Site "Telford ENG"]
[Date "2005.05.29"]
[Round "10.1"]
[White "Noden, Nicolas"]
[Black "Roberts, Colin J"]
[Result "0-1"]
[WhiteElo "2229"]
[BlackElo "2055"]
[PlyCount "82"]
[EventDate "2005.05.29"]
[SourceDate "2004.09.21"]

1. c4 Nf6 2. g3 g6 3. Bg2 c5 4. Nc3 Bg7 5. e3 Nc6 6. Nge2 O-O 7. O-O a6 8. d4
cxd4 9. exd4 d6 10. h3 Bd7 11. Be3 e5 12. Rc1 exd4 13. Nxd4 Rc8 14. b3 Re8 15.
Nde2 Be6 16. Nf4 Qd7 17. Nxe6 fxe6 18. Qd2 Ne7 19. Rfd1 Nf5 20. Bf4 Red8 21. g4
Nh4 22. Bh1 g5 23. Bxg5 Ng6 24. Ne4 Qe7 25. Qe3 h6 26. Bxf6 Bxf6 27. Qxh6 Kf7
28. Nxf6 Qxf6 29. Qh7+ Kf8 30. Qxb7 Nf4 31. Qf3 Rc7 32. Re1 e5 33. Bg2 Rh7 34.
Re3 Rdd7 35. Qa8+ Kg7 36. Qf3 Qg5 37. Rd1 Rf7 38. Qe4 Qh4 39. Qf3 Nxh3+ 40.
Qxh3 Qxf2+ 41. Kh2 Qxe3 0-1

[Event "4NCL/Div4b/MET vs. HAL"]
[Site "Telford ENG"]
[Date "2005.05.29"]
[Round "10.2"]
[White "Ambrose, Andy"]
[Black "Dickson, George"]
[Result "0-1"]
[WhiteElo "1930"]
[BlackElo "2137"]
[PlyCount "82"]
[EventDate "2005.05.29"]
[SourceDate "2004.09.21"]

1. e4 d6 2. d4 Nf6 3. Nc3 g6 4. f4 Bg7 5. Nf3 c5 6. dxc5 Qa5 7. Bd3 Qxc5 8. Qe2
O-O 9. Qe3 Na6 10. Bxa6 Qxe3+ 11. Bxe3 bxa6 12. O-O Bb7 13. e5 Ng4 14. Bd4 Bxf3
15. gxf3 dxe5 16. fxe5 Nxe5 17. Bc5 Rfc8 18. Bxe7 Nc4 19. Nd5 Bxb2 20. Rab1
Bd4+ 21. Kg2 Nd2 22. Rb4 Rxc2 23. Rd1 Nc4+ 24. Kh3 Be5 25. f4 Bg7 26. Rdb1 Nb6
27. Nxb6 axb6 28. Rxb6 h5 29. a3 Bd4 30. Rb7 Rac8 31. Bh4 R8c3+ 32. Bg3 Bf6 33.
R7b6 Kg7 34. Rxa6 h4 35. Rxf6 Kxf6 36. Kxh4 Rxa3 37. Kg4 Rg2 38. Rb5 Kg7 39.
Rd5 f5+ 40. Kh4 Raxg3 41. hxg3 Rh2+ 0-1

[Event "4NCL/Div4b/MET vs. HAL"]
[Site "Telford ENG"]
[Date "2005.05.29"]
[Round "10.3"]
[White "Calvert, D Ian"]
[Black "Llewellyn, John D"]
[Result "1-0"]
[WhiteElo "2065"]
[BlackElo "1775"]
[PlyCount "75"]
[EventDate "2005.05.29"]
[SourceDate "2004.09.21"]

1. b3 e5 2. Bb2 Nc6 3. e3 d5 4. Bb5 Bd6 5. f4 Qe7 6. Nf3 Bg4 7. fxe5 Bxe5 8.
Bxe5 Bxf3 9. Qxf3 Qxe5 10. Bxc6+ bxc6 11. Nc3 Nf6 12. O-O O-O 13. Qf4 Rfe8 14.
Qxe5 Rxe5 15. Rf4 Ne4 16. d4 Nxc3 17. dxe5 Ne2+ 18. Kf2 Nxf4 19. exf4 Kf8 20.
g4 c5 21. Re1 Ke7 22. f5 Rd8 23. e6 f6 24. Kf3 c6 25. Kf4 g5+ 26. Kf3 Rb8 27.
h4 gxh4 28. Rh1 Rg8 29. Rxh4 Rg7 30. Rh6 a6 31. a4 a5 32. Kf4 d4 33. Kf3 Kd6
34. Rxf6 Re7 35. Kf4 Kd5 36. Rf7 Kd6 37. Rxe7 Kxe7 38. Ke5 1-0

[Event "4NCL/Div4b/MET vs. HAL"]
[Site "Telford ENG"]
[Date "2005.05.29"]
[Round "10.4"]
[White "Clark, Maureen"]
[Black "Murphy, Kieran"]
[Result "0-1"]
[WhiteElo "1720"]
[BlackElo "2033"]
[PlyCount "139"]
[EventDate "2005.05.29"]
[SourceDate "2004.09.21"]

1. e4 e6 2. d4 d5 3. e5 c5 4. c3 Nc6 5. Bb5 Bd7 6. Nf3 Nxe5 7. Bxd7+ Nxd7 8.
Qa4 Be7 9. Ne5 Ngf6 10. Be3 O-O 11. Nxd7 Nxd7 12. O-O cxd4 13. cxd4 Nb6 14. Qd1
Rc8 15. Nd2 Rc6 16. Rc1 Qc7 17. Rxc6 Qxc6 18. Nf3 Rc8 19. Qa1 Qa4 20. b3 Qe8
21. Rc1 Rxc1+ 22. Qxc1 Qc8 23. Qxc8+ Nxc8 24. Bf4 Nd6 25. Bxd6 Bxd6 26. Kf1 Kf8
27. h3 h6 28. Ke2 Ke7 29. Nd2 Kd7 30. Kd3 Kc6 31. Nb1 Kb5 32. Nc3+ Kb4 33. Nb1
Be7 34. f4 Bf6 35. Nc3 Ka3 36. Nb5+ Kxa2 37. Kc3 Bh4 38. Nxa7 Bg3 39. Kb4 Bxf4
40. Kc3 e5 41. b4 e4 42. Nc8 e3 43. Kd3 Kb3 44. Nb6 e2 45. Kxe2 Bd6 46. Nxd5
Bxb4 47. Kd3 Bd6 48. Ne3 g6 49. Nc4 Bc7 50. d5 b5 51. Nd2+ Kb4 52. Kd4 f5 53.
Nf3 Ka3 54. Kc5 b4 55. Nd4 b3 56. Nb5+ Ka2 57. Nc3+ Ka1 58. d6 Ba5 59. d7 b2
60. Kc6 b1=Q 61. Nxb1 Kxb1 62. Kd5 Kc2 63. g4 fxg4 64. hxg4 Kd3 65. Ke5 Bd8 66.
Ke6 Ke4 67. Kf7 g5 68. Kg6 Kf4 69. Kh5 Be7 70. Kxh6 0-1

[Event "4NCL/Div4b/MET vs. HAL"]
[Site "Telford ENG"]
[Date "2005.05.29"]
[Round "10.5"]
[White "Cavalcanti, Christian"]
[Black "Digger, Derek"]
[Result "1-0"]
[WhiteElo "2000"]
[BlackElo "1685"]
[PlyCount "85"]
[EventDate "2005.05.29"]
[SourceDate "2004.09.21"]

1. e4 d6 2. d4 Nf6 3. Nc3 g6 4. Nf3 Bg7 5. Be2 O-O 6. O-O c5 7. h3 cxd4 8. Nxd4
Nc6 9. Be3 Nxd4 10. Bxd4 b6 11. Qd2 Bb7 12. f3 Rc8 13. Rad1 a6 14. Qe3 b5 15.
e5 Nd5 16. Nxd5 Bxd5 17. Bb6 Qd7 18. Rxd5 Rxc2 19. Rd2 Rc6 20. Bd4 Rfc8 21. Bc3
d5 22. a4 Rc5 23. axb5 axb5 24. Bd4 Rc1 25. Rxc1 Rxc1+ 26. Rd1 Rc7 27. Rc1 Rb7
28. Qc3 e6 29. Qc8+ Bf8 30. Qxd7 Rxd7 31. Rc8 Kg7 32. Bxb5 Rb7 33. Bc6 Rb4 34.
Bc3 Rc4 35. Bd7 Rxc8 36. Bxc8 Bc5+ 37. Kf1 Kh6 38. b4 Bb6 39. Ke2 Kg5 40. Bd2+
Kf5 41. f4 Ke4 42. Ba6 h5 43. Bd3+ 1-0

[Event "4NCL/Div4b/MET vs. HAL"]
[Site "Telford ENG"]
[Date "2005.05.29"]
[Round "10.6"]
[White "Evans, Joyce"]
[Black "Djabri, Zafer M"]
[Result "0-1"]
[WhiteElo "1435"]
[BlackElo "2070"]
[PlyCount "48"]
[EventDate "2005.05.29"]
[SourceDate "2004.09.21"]

1. e4 c5 2. Nf3 Nc6 3. Bc4 e6 4. d3 d5 5. exd5 exd5 6. Bb3 Nf6 7. O-O Be7 8.
Re1 O-O 9. a3 Bg4 10. c3 d4 11. Nbd2 dxc3 12. bxc3 Qxd3 13. Bb2 Rad8 14. Qc1
Qg6 15. Ne5 Nxe5 16. Rxe5 Bd6 17. Re1 Bf4 18. Qb1 Bf5 19. Qa2 Rxd2 20. a4 Bxh2+
21. Kf1 Bd3+ 22. Re2 Qe4 23. Rae1 Bxe2+ 24. Rxe2 Qxe2# 0-1

[Event "4NCL/Div4b/MIN2 vs. HKF2"]
[Site "Telford ENG"]
[Date "2005.05.29"]
[Round "10.1"]
[White "Parker, Robert"]
[Black "Britton, Richard L"]
[Result "0-1"]
[WhiteElo "2088"]
[BlackElo "2323"]
[PlyCount "66"]
[EventDate "2005.05.29"]
[SourceDate "2004.09.21"]

1. d4 Nf6 2. c4 g6 3. Nc3 Bg7 4. e4 d6 5. Nf3 O-O 6. Be2 e5 7. O-O Nc6 8. d5
Ne7 9. b4 Ne8 10. c5 Kh8 11. Nd2 f5 12. f3 f4 13. Nc4 g5 14. Nb5 Ng8 15. Ba3
Rf6 16. Rc1 Rg6 17. Na5 a6 18. Nc3 h5 19. Nc4 g4 20. Re1 g3 21. Bf1 Nh6 22. Na4
Bd7 23. Nc3 Nf7 24. Na5 Bc8 25. Nc4 Rb8 26. b5 Qh4 27. h3 dxc5 28. Bxc5 b6 29.
Bb4 a5 30. Ba3 Bd7 31. Qb3 Ng5 32. Qd1 Bxh3 33. gxh3 g2 0-1

[Event "4NCL/Div4b/MIN2 vs. HKF2"]
[Site "Telford ENG"]
[Date "2005.05.29"]
[Round "10.2"]
[White "Lindner, Daniel"]
[Black "Hardman, Michael J"]
[Result "0-1"]
[WhiteElo "2247"]
[BlackElo "2100"]
[PlyCount "50"]
[EventDate "2005.05.29"]
[SourceDate "2004.09.21"]

1. e4 e5 2. Nf3 d6 3. d4 f5 4. Nc3 Nc6 5. dxe5 dxe5 6. Qxd8+ Kxd8 7. exf5 Bxf5
8. Bg5+ Nf6 9. O-O-O+ Bd6 10. Bb5 Kc8 11. h3 a6 12. Bxc6 bxc6 13. Rhe1 Re8 14.
a3 Kb7 15. Nd2 Nd5 16. Nde4 Nxc3 17. Nxc3 h6 18. Bh4 e4 19. Rd4 g5 20. Bg3 e3
21. Bxd6 exf2 22. Rb4+ Kc8 23. Rxe8+ Kd7 24. Rxa8 f1=Q+ 25. Nd1 Qe2 0-1

[Event "4NCL/Div4b/MIN2 vs. HKF2"]
[Site "Telford ENG"]
[Date "2005.05.29"]
[Round "10.3"]
[White "Ackley, Peter"]
[Black "Cooper, Lawrence"]
[Result "1/2-1/2"]
[WhiteElo "2050"]
[BlackElo "2308"]
[PlyCount "56"]
[EventDate "2005.05.29"]
[SourceDate "2004.09.21"]

1. Nf3 Nf6 2. c4 c5 3. g3 Nc6 4. Bg2 d5 5. cxd5 Nxd5 6. Nc3 Nc7 7. O-O e5 8. a3
a5 9. Ne1 Be7 10. Nd3 f6 11. f4 c4 12. Ne1 exf4 13. gxf4 Be6 14. d3 O-O 15. Be3
f5 16. Bb6 Qc8 17. Qa4 cxd3 18. Nxd3 Ne8 19. Nd5 Bd6 20. Nc5 Nf6 21. Nxf6+ Rxf6
22. Rad1 Bxc5+ 23. Bxc5 Rg6 24. Rd6 Qe8 25. Rfd1 Qf7 26. R1d3 Re8 27. e3 h6 28.
b4 axb4 1/2-1/2

[Event "4NCL/Div4b/MIN2 vs. HKF2"]
[Site "Telford ENG"]
[Date "2005.05.29"]
[Round "10.5"]
[White "Hawkins, J Nick"]
[Black "Burrows, Martin P"]
[Result "1/2-1/2"]
[WhiteElo "2039"]
[BlackElo "2208"]
[PlyCount "72"]
[EventDate "2005.05.29"]
[SourceDate "2004.09.21"]

1. Nf3 Nf6 2. d4 g6 3. Bf4 Bg7 4. Nbd2 d5 5. h3 O-O 6. e3 c5 7. c3 b6 8. Be2
Bb7 9. Ne5 Nfd7 10. Nxd7 Nxd7 11. O-O e5 12. dxe5 Nxe5 13. Nf3 Nc6 14. Qd2 Qd7
15. Rad1 Rad8 16. Qc2 Qc8 17. Rd2 Rd7 18. Rfd1 Rfd8 19. Bb5 a6 20. Bxc6 Qxc6
21. Ne5 Bxe5 22. Bxe5 d4 23. f3 dxe3 24. Rxd7 Rxd7 25. Rxd7 Qxd7 26. Bf4 Qe6
27. Qe2 Qxa2 28. Qxe3 Qe6 29. Qxe6 fxe6 30. Bc7 b5 31. Bb6 c4 32. Kf2 Kf7 33.
Bd4 Ke7 34. Ke3 Kd6 35. Kf4 Kd5 36. Bg7 e5+ 1/2-1/2

[Event "4NCL/Div4b/MIN2 vs. HKF2"]
[Site "Telford ENG"]
[Date "2005.05.29"]
[Round "10.6"]
[White "Crombleholme, Alan K"]
[Black "Twitchell, Neville H"]
[Result "1-0"]
[WhiteElo "2127"]
[BlackElo "2010"]
[PlyCount "51"]
[EventDate "2005.05.29"]
[SourceDate "2004.09.21"]

1. d4 Nf6 2. Nf3 g6 3. c4 Bg7 4. Nc3 d5 5. cxd5 Nxd5 6. e4 Nxc3 7. bxc3 c5 8.
Rb1 O-O 9. Be2 cxd4 10. cxd4 b6 11. O-O Bb7 12. d5 Qd6 13. Qb3 Nd7 14. Ba3 Nc5
15. Qe3 Rfc8 16. Rfc1 Rab8 17. Nd2 Rc7 18. Nb3 Rbc8 19. Nxc5 bxc5 20. Rxc5 Rxc5
21. Rxb7 Bd4 22. Qxd4 Rc1+ 23. Bxc1 Rxc1+ 24. Bd1 Qe5 25. Rb4 Rb1 26. g3 1-0

[Event "4NCL/Div4b/BCA vs. FCA2"]
[Site "Telford ENG"]
[Date "2005.05.29"]
[Round "10.1"]
[White "Mordue, A Tyson"]
[Black "Valentine, Brian J"]
[Result "1-0"]
[WhiteElo "2288"]
[BlackElo "2050"]
[PlyCount "57"]
[EventDate "2005.05.29"]
[SourceDate "2004.09.21"]

1. e4 e5 2. Nf3 Nc6 3. Bb5 a6 4. Ba4 Nf6 5. O-O Be7 6. Re1 b5 7. Bb3 O-O 8. d4
Nxd4 9. Bxf7+ Rxf7 10. Nxe5 Ne6 11. Nxf7 Kxf7 12. e5 Ne8 13. Qf3+ Kg8 14. Qxa8
c6 15. Be3 N8c7 16. Qa7 Nd5 17. Nc3 Nxe3 18. Qxe3 c5 19. Rad1 c4 20. Ne4 Bb7
21. f4 Qc7 22. Kh1 Qc6 23. Re2 Nc5 24. Nd6 Ba8 25. f5 Bf8 26. Qg5 Qc7 27. Qh5
Qb8 28. Qf7+ Kh8 29. Ne8 1-0

[Event "4NCL/Div4b/BCA vs. FCA2"]
[Site "Telford ENG"]
[Date "2005.05.29"]
[Round "10.2"]
[White "Adebajo, Femi"]
[Black "Ross, Chris"]
[Result "0-1"]
[WhiteElo "2045"]
[BlackElo "2122"]
[PlyCount "60"]
[EventDate "2005.05.29"]
[SourceDate "2004.09.21"]

1. e4 c5 2. Nc3 Nc6 3. f4 g6 4. Nf3 Bg7 5. Bb5 Nd4 6. Bc4 e6 7. O-O Ne7 8. Kh1
O-O 9. a4 d5 10. Ba2 dxe4 11. Nxe4 b6 12. Nxd4 cxd4 13. d3 Bb7 14. Bd2 Rc8 15.
Bb4 Nf5 16. Qe2 Qh4 17. Rf3 Rfd8 18. Rh3 Qxf4 19. Bb3 Bd5 20. Rf1 Qe5 21. Bxd5
exd5 22. Rxf5 gxf5 23. Qh5 h6 24. Ng5 Qf6 25. Nf3 Rxc2 26. Kg1 Qg6 27. Qxg6
fxg6 28. Ba3 Re8 29. Rg3 Ree2 30. Kf1 Kh7 0-1

[Event "4NCL/Div4b/BCA vs. FCA2"]
[Site "Telford ENG"]
[Date "2005.05.29"]
[Round "10.3"]
[White "Armstrong, William G"]
[Black "Shaw, John S"]
[Result "0-1"]
[WhiteElo "1960"]
[BlackElo "1950"]
[PlyCount "80"]
[EventDate "2005.05.29"]
[SourceDate "2004.09.21"]

1. d4 Nf6 2. Bg5 e6 3. e4 h6 4. Bxf6 Qxf6 5. e5 Qe7 6. Nd2 d6 7. Ngf3 Nc6 8.
Bb5 Bd7 9. O-O Nxe5 10. c4 Nxf3+ 11. Qxf3 c6 12. Ba4 Qf6 13. Qe3 Qg5 14. f4 Qa5
15. Bc2 O-O-O 16. a3 Be7 17. b4 Qc7 18. c5 d5 19. a4 Rde8 20. Bd3 g5 21. Qe2
gxf4 22. b5 Bf6 23. b6 axb6 24. Nf3 bxc5 25. a5 c4 26. a6 bxa6 27. Rxa6 Kd8 28.
Qa2 cxd3 29. Ra7 Qd6 30. Re1 Ke7 31. Ne5 Bxe5 32. dxe5 Qc5+ 33. Kf1 d2 34. Rd1
Qc4+ 35. Qxc4 dxc4 36. Rxd2 Rd8 37. Rd4 f6 38. exf6+ Kxf6 39. Rdxd7 Rxd7 40.
Rxd7 Ke5 0-1

[Event "4NCL/Div4b/BCA vs. FCA2"]
[Site "Telford ENG"]
[Date "2005.05.29"]
[Round "10.4"]
[White "Woods, Timothy J"]
[Black "Cohn, Hans"]
[Result "1-0"]
[WhiteElo "1895"]
[BlackElo "1835"]
[PlyCount "57"]
[EventDate "2005.05.29"]
[SourceDate "2004.09.21"]

1. e4 c5 2. Nf3 Nc6 3. d4 cxd4 4. Nxd4 g6 5. c4 Nf6 6. Nc3 Nxd4 7. Qxd4 d6 8.
Be2 Bg7 9. Qd3 O-O 10. O-O Nd7 11. Be3 Ne5 12. Qd1 Be6 13. Nd5 Rc8 14. Rc1 Nc6
15. Qd2 Re8 16. b4 b6 17. a4 Bxd5 18. exd5 Ne5 19. c5 bxc5 20. bxc5 dxc5 21.
Rxc5 Rxc5 22. Bxc5 Qd7 23. Bb5 Qc7 24. h3 Rd8 25. Be3 e6 26. Rc1 Qd6 27. dxe6
fxe6 28. Qxd6 Rxd6 29. Bxa7 1-0

[Event "4NCL/Div4b/BCA vs. FCA2"]
[Site "Telford ENG"]
[Date "2005.05.29"]
[Round "10.5"]
[White "Hilton, Steve"]
[Black "Billsberry, Jon"]
[Result "1-0"]
[WhiteElo "1850"]
[BlackElo "1805"]
[PlyCount "51"]
[EventDate "2005.05.29"]
[SourceDate "2004.09.21"]

1. d4 Nf6 2. c4 e6 3. Nf3 Bb4+ 4. Bd2 Qe7 5. a3 Bxd2+ 6. Qxd2 a5 7. Nc3 d5 8.
e3 O-O 9. Bd3 c5 10. cxd5 cxd4 11. Nxd4 Nxd5 12. Nxd5 exd5 13. O-O Nc6 14. Nxc6
bxc6 15. Qc2 h5 16. Qxc6 Be6 17. Qc3 Qg5 18. f4 Qe7 19. Qd4 Rfe8 20. Rae1 Rab8
21. f5 Bc8 22. e4 dxe4 23. Rxe4 Qd8 24. Rxe8+ Qxe8 25. f6 g5 26. Qc5 1-0

[Event "4NCL/Div4b/SLOS3 vs. BRJ"]
[Site "Telford ENG"]
[Date "2005.05.29"]
[Round "10.1"]
[White "Williams, Samuel G"]
[Black "Richmond, Peter A"]
[Result "0-1"]
[WhiteElo "2207"]
[BlackElo "2257"]
[PlyCount "64"]
[EventDate "2005.05.29"]
[SourceDate "2004.09.21"]

1. d4 d5 2. c4 c6 3. Nf3 e6 4. Nc3 dxc4 5. Bg5 Be7 6. Bxe7 Qxe7 7. e4 b5 8. e5
f5 9. exf6 Nxf6 10. g3 O-O 11. Bg2 Nbd7 12. O-O Rb8 13. Re1 Nd5 14. Qe2 Nb4 15.
Rad1 Nd3 16. Rxd3 cxd3 17. Qxd3 b4 18. Ne4 Rb5 19. h4 h6 20. Bh3 Ba6 21. Ned2
Rf6 22. Qe3 Kh8 23. Nc4 Rd5 24. Nce5 Nxe5 25. Nxe5 Qd6 26. h5 Bc8 27. Rc1 Rxd4
28. Rxc6 Rd1+ 29. Kh2 Bb7 30. Bg2 Bxc6 31. Bxc6 Kg8 32. Bf3 Qd4 0-1